00863nam a2200301Ia 4500001000700000003000500007008004100012010001100053020001800064040000900082082002000091100004500111245006800156260003000224300001000254503001700264504002600281650003300307650003300340650002600373901002000399902000600419910000900425942000600434942000700440999001900447952009500466Z_4301CHAP220113s1984 xx 000 0 und d a167366 a969-26-0461-3 cCHAP aC 636.20897 A85 aTéllez y Reyes Retana, Eduardo9113575 aAtlas de cirugía del bovino /cEduardo Tellez y Reyes Retana aMéxico :bCECSA,c1984 a99 p. aej.1: 128840 aBibliografía: p. 99 aBovinos xx Cirugia9141541 aCirugía veterinaria923436 aGanado bovino9138033 aC 636.20897 A85 aM a1984 c1 cc1 c167366d167366 00102ddc40708CaZbZc1d2005-11-09pz_0092r2022-01-18 00:00:00t1w2022-01-18yLIBRO